| 000 | 00703nam a2200241 a 4500 | ||
|---|---|---|---|
| 001 | 56478 | ||
| 003 | BD-RjUL | ||
| 005 | 20211209080413.0 | ||
| 008 | 161129s1978 ii b 001 0 eng | ||
| 020 | _c: IRs. 50.00 | ||
| 035 | _a(BD-RjUL)56602 | ||
| 040 |
_aDLC _cDLC _dBD-RjUL _beng |
||
| 041 | _aeng | ||
| 082 | 0 | 0 |
_a181.4 _223 _bLAC 1978 |
| 100 | 1 |
_aLal, Basant Kumar. _9167978 |
|
| 245 | 1 | 0 |
_aContemporary Indian philosophy / _cBasant Kumar Lal. |
| 250 | _a2d rev. ed. | ||
| 260 |
_aDelhi : _bMotilal Banarsidass, _c1978. |
||
| 300 |
_axxi, 346 p. ; _c22 cm. |
||
| 504 | _aIncludes Bibliographical References and Index | ||
| 650 | 0 |
_aPhilosophy, India _y20th century. _9167979 |
|
| 942 |
_2ddc _cBK |
||
| 999 |
_c56478 _d56478 |
||